Implications of the President's strategic defense initiative and antisatellite weapons policy : hearings before the Subcommittee on Arms Control, International Security, and Science of the Committee on Foreign Affairs, House of Representatives, Ninety-ninth Congress, first session, April 24 and May 1, 1985.

Bibliographic Details
Corporate Authors: United States. Congress. House. Committee on Foreign Affairs. Subcommittee on Arms Control, International Security, and Science, ProQuest (Firm)
Format: Government Document eBook
Language:English
Published: Washington : U.S. G.P.O., 1985.
Series:U.S. Congressional Hearings.
Subjects:
Online Access:Connect to the full text of this electronic book

MARC

Tag First Indicator Second Indicator Subfields
LEADER 00000cam a22000001a 4500
001 in00003213813
006 m d f
007 cr bn mmmapmmp
008 091020s1985 dcua ob f000 0 eng d
005 20260604205325.0
035 |a cis2007448892 
040 |a UMI  |c UMI  |d UtOrBLW 
043 |a n-us--- 
074 |a 1017-A, 1017-B (microfiche) 
086 0 |a Y 4.F 76/1:St 8/5 
099 |a HRG-1985-FOA-0038 
110 1 |a United States.  |b Congress.  |b House.  |b Committee on Foreign Affairs.  |b Subcommittee on Arms Control, International Security, and Science. 
245 1 0 |a Implications of the President's strategic defense initiative and antisatellite weapons policy :  |b hearings before the Subcommittee on Arms Control, International Security, and Science of the Committee on Foreign Affairs, House of Representatives, Ninety-ninth Congress, first session, April 24 and May 1, 1985. 
264 1 |a Washington :  |b U.S. G.P.O.,  |c 1985. 
300 |a 1 online resource. 
336 |a text  |b txt  |2 rdacontent 
337 |a computer  |b c  |2 rdamedia 
338 |a online resource  |b cr  |2 rdacarrier 
500 |a Record is based on bibliographic data in ProQuest Congressional Hearings Digital Collection. Reuse except for individual research requires license from ProQuest, LLC. 
504 |a Bibliography: page 132. 
538 |a System requirements: PDF reader software. 
500 |a Electronic resource. 
650 0 |a Deterrence (Strategy) 
650 0 |a Ballistic missile defenses  |z United States. 
650 0 |a Anti-satellite weapons  |z United States. 
655 7 |a Electronic books.  |2 local 
710 2 |a ProQuest (Firm) 
776 0 8 |i Print version:  |a United States. Congress. House. Committee on Foreign Affairs. Subcommittee on Arms Control, International Security, and Science  |t Implications of the President's strategic defense initiative and antisatellite weapons policy  |w (OCoLC)12868482  |w gp 86005683 
776 0 8 |i Microfiche version:  |a United States. Congress. House. Committee on Foreign Affairs. Subcommittee on Arms Control, International Security, and Science  |t Implications of the President's strategic defense initiative and antisatellite weapons policy.  |d [Bethesda, Md.] : ProQuest,[2004]  |o CIS 85 H381-90  |w (ProQuest)cis08500747 
830 0 |a U.S. Congressional Hearings. 
856 4 0 |u http://proxy.library.tamu.edu/login?url=https://congressional.proquest.com/congcomp/getdoc?HEARING-ID=HRG-1985-FOA-0038  |z Connect to the full text of this electronic book  |t 0 
998 |a cis08500747 
999 |a MARS 
999 f f |s 7ee80601-fede-365c-9e1f-3b9eae0cf28d  |i f01330d0-ea87-3415-9849-7b9d93ae887e  |t 0 
952 f f |a Texas A&M University  |b College Station  |c Electronic Resources  |s www_evans  |d Available Online  |t 0  |e HRG-1985-FOA-0038  |h Other scheme 
998 f f |a HRG-1985-FOA-0038  |t 0  |l Available Online